Full 2021 NFL Draft - Statistics

General Stats
  • This quiz has been taken 33 times
    19 since last reset
  • The average score is 145 of 259
Answer Stats
Round Pick Team Position School Answer % Correct
1 14 New York Jets G USC Alijah Vera-Tucker
100%
2 38 New England Patriots DT Alabama Christian Barmore
100%
4 126 Carolina Panthers RB Oklahoma State Chuba Hubbard
100%
3 67 Houston Texans QB Stanford Davis Mills
100%
1 10 Philadelphia Eagles WR Alabama DeVonta Smith
100%
2 34 New York Jets WR Ole Miss Elijah Moore
100%
5 149 Cincinnati Bengals K Florida Evan McPherson
100%
4 133 New Orleans Saints QB Notre Dame Ian Book
100%
1 18 Miami Dolphins DE Miami (FL) Jaelan Phillips
100%
1 5 Cincinnati Bengals WR LSU Ja'Marr Chase
100%
2 35 Denver Broncos RB North Carolina Javonte Williams
100%
1 8 Carolina Panthers CB South Carolina Jaycee Horn
100%
1 6 Miami Dolphins WR Alabama Jaylen Waddle
100%
1 11 Chicago Bears QB Ohio State Justin Fields
100%
1 20 New York Giants WR Florida Kadarius Toney
100%
3 66 Minnesota Vikings QB Texas A&M Kellen Mond
100%
1 4 Atlanta Falcons TE Florida Kyle Pitts
100%
2 64 Tampa Bay Buccaneers QB Florida Kyle Trask
100%
1 15 New England Patriots QB Alabama Mac Jones
100%
1 12 Dallas Cowboys LB Penn State Micah Parsons
100%
1 24 Pittsburgh Steelers RB Alabama Najee Harris
100%
2 58 Kansas City Chiefs LB Missouri Nick Bolton
100%
2 55 Pittsburgh Steelers TE Penn State Pat Freiermuth
100%
1 9 Denver Broncos CB Alabama Patrick Surtain II
100%
1 7 Detroit Lions OT Oregon Penei Sewell
100%
1 13 Los Angeles Chargers OT Northwestern Rashawn Slater
100%
1 27 Baltimore Ravens WR Minnesota Rashod Bateman
100%
4 120 New England Patriots RB Oklahoma Rhamondre Stevenson
100%
6 218 Indianapolis Colts QB Texas Sam Ehlinger
100%
1 25 Jacksonville Jaguars RB Clemson Travis Etienne
100%
1 1 Jacksonville Jaguars QB Clemson Trevor Lawrence
100%
1 3 San Francisco 49ers QB North Dakota State Trey Lance
100%
1 2 New York Jets QB BYU Zach Wilson
100%
1 17 Las Vegas Raiders OT Alabama Alex Leatherwood
75%
4 112 Detroit Lions WR USC Amon-Ra St. Brown
75%
3 65 Jacksonville Jaguars S Syracuse Andre Cisco
75%
3 70 Carolina Panthers OT BYU Brady Christensen
75%
1 22 Tennessee Titans CB Virginia Tech Caleb Farley
75%
2 61 Buffalo Bills DE Wake Forest Carlos Basham
75%
1 23 Minnesota Vikings OT Virginia Tech Christian Darrisaw
75%
2 63 Kansas City Chiefs C Oklahoma Creed Humphrey
75%
4 109 Tennessee Titans WR Louisville Dez Fitzpatrick
75%
2 56 Seattle Seahawks WR Western Michigan D'Wayne Eskridge
75%
6 194 San Francisco 49ers RB Louisiana-Lafayette Elijah Mitchell
75%
1 29 Green Bay Packers CB Georgia Eric Stokes
75%
1 26 Cleveland Browns CB Northwestern Greg Newsome II
75%
1 30 Buffalo Bills DE Miami (FL) Gregory Rousseau
75%
1 19 Washington Football Team LB Kentucky Jamin Davis
75%
2 36 Miami Dolphins S Oregon Jevon Holland
75%
3 69 Cincinnati Bengals DE Texas Joseph Ossai
75%
3 77 Los Angeles Chargers WR Tennessee Josh Palmer
75%
6 217 Chicago Bears RB Virginia Tech Khalil Herbert
75%
1 21 Indianapolis Colts DE Michigan Kwity Paye
75%
6 198 Los Angeles Chargers RB Missouri Larry Rountree III
75%
2 41 Detroit Lions DT Washington Levi Onwuzurike
75%
2 42 Miami Dolphins OT Notre Dame Liam Eichenberg
75%
4 107 New York Jets RB North Carolina Michael Carter
75%
5 154 New York Jets S Duke Michael Carter II
75%
3 89 Houston Texans WR Michigan Nico Collins
75%
3 76 New Orleans Saints CB Stanford Paulson Adebo
75%
1 28 New Orleans Saints DE Houston Payton Turner
75%
2 60 New Orleans Saints LB Ohio State Pete Werner
75%
3 98 Denver Broncos G Wisconsin-Whitewater Quinn Meinerz
75%
4 135 Tennessee Titans DE Pittsburgh Rashad Weaver
75%
2 49 Arizona Cardinals WR Purdue Rondale Moore
75%
3 96 New England Patriots DE Oklahoma Ronnie Perkins
75%
2 51 Washington Football Team OT Texas Samuel Cosmi
75%
2 59 Carolina Panthers WR LSU Terrace Marshall Jr.
75%
2 39 Chicago Bears OT Oklahoma State Teven Jenkins
75%
3 83 Carolina Panthers TE Notre Dame Tommy Tremble
75%
7 242 New England Patriots WR UCF Tre Nixon
75%
2 43 Las Vegas Raiders S TCU Trevon Moehrig
75%
3 88 San Francisco 49ers RB Ohio State Trey Sermon
75%
6 226 Kansas City Chiefs G Tennessee Trey Smith
75%
1 16 Arizona Cardinals LB Tulsa Zaven Collins
75%
2 48 San Francisco 49ers G Notre Dame Aaron Banks
50%
3 71 New York Giants CB UCF Aaron Robinson
50%
3 72 Detroit Lions DT NC State Alim McNeill
50%
3 85 Green Bay Packers WR Clemson Amari Rodgers
50%
3 102 San Francisco 49ers CB Michigan Ambry Thomas
50%
3 91 Cleveland Browns WR Auburn Anthony Schwartz
50%
2 47 Los Angeles Chargers CB Florida State Asante Samuel Jr.
50%
2 50 New York Giants LB Georgia Azeez Ojulari
50%
3 105 Denver Broncos LB Ohio State Baron Browning
50%
3 94 Baltimore Ravens G Georgia Ben Cleveland
50%
3 74 Washington Football Team CB Minnesota Benjamin St-Juste
50%
5 184 Baltimore Ravens FB Michigan Ben Mason
50%
7 249 Los Angeles Rams WR Notre Dame Ben Skowronek
50%
4 117 Los Angeles Rams DT Texas A&M Bobby Brown III
50%
6 215 Tennessee Titans S Oregon Brady Breeze
50%
6 200 New York Jets CB Kentucky Brandin Echols
50%
3 104 Baltimore Ravens CB SMU Brandon Stephens
50%
5 159 Los Angeles Chargers OT Nebraska Brenden Jaimes
50%
5 147 Houston Texans TE Miami (FL) Brevin Jordan
50%
4 140 Pittsburgh Steelers LB Texas A&M Buddy Johnson
50%
5 152 Denver Broncos S Texas Caden Sterns
50%
6 225 Washington Football Team LS Michigan Camaron Cheeseman
50%
5 177 New England Patriots LB Michigan Cameron McGrone
50%
4 111 Cincinnati Bengals DE Tulane Cameron Sample
50%
4 125 Minnesota Vikings CB California Camryn Bynum
50%
3 84 Dallas Cowboys DE Iowa Chauncey Golston
50%
3 78 Minnesota Vikings LB North Carolina Chazz Surratt
50%
6 202 Cincinnati Bengals RB Michigan Chris Evans
50%
4 118 Los Angeles Chargers DE Duke Chris Rumph II
50%
6 212 Buffalo Bills S Pittsburgh Damar Hamlin
50%
4 128 Pittsburgh Steelers OT Texas A&M Dan Moore
50%
4 139 Cincinnati Bengals OT East Carolina D'Ante Smith
50%
4 108 Atlanta Falcons CB San Diego State Darren Hall
50%
5 163 Washington Football Team S Cincinnati Darrick Forrest
50%
7 258 Washington Football Team WR BYU Dax Milne
50%
2 54 Indianapolis Colts DE Vanderbilt Dayo Odeyingbo
50%
6 221 Chicago Bears WR North Carolina Dazz Newsome
50%
6 211 Cleveland Browns RB UCLA Demetric Felton
50%
5 172 San Francisco 49ers CB Oregon Deommodore Lenoir
50%
4 113 Detroit Lions LB Purdue Derrick Barnes
50%
2 53 Tennessee Titans OT North Dakota State Dillon Radunz
50%
3 80 Las Vegas Raiders S Virginia Tech Divine Deablo
50%
4 114 Atlanta Falcons C Stanford Drew Dalman
50%
3 82 Washington Football Team WR North Carolina Dyami Brown
50%
4 116 New York Giants DE Northern Iowa Elerson Smith
50%
3 103 Los Angeles Rams LB South Carolina Ernest Jones
50%
6 187 Atlanta Falcons WR Arizona State Frank Darby
50%
6 196 New York Giants RB Arizona Gary Brightwell
50%
7 259 Tampa Bay Buccaneers LB Houston Grant Stuard
50%
3 81 Miami Dolphins TE Boston College Hunter Long
50%
3 101 Detroit Lions CB Syracuse Ifeatu Melifonwu
50%
5 157 Minnesota Vikings WR Iowa Ihmir Smith-Marsette
50%
5 156 Pittsburgh Steelers DT Wisconsin Isaiahh Loudermilk
50%
6 220 Green Bay Packers LB Boston College Isaiah McDuffie
50%
6 227 Dallas Cowboys CB South Carolina Israel Mukuamu
50%
4 115 Dallas Cowboys LB LSU Jabril Cox
50%
2 46 Cincinnati Bengals OT Clemson Jackson Carman
50%
4 141 Los Angeles Rams WR UCF Jacob Harris
50%
6 224 Philadelphia Eagles S LSU JaCoby Stevens
50%
4 129 Tampa Bay Buccaneers WR North Texas Jaelon Darden
50%
7 233 Las Angeles Rams RB Maryland Jake Funk
50%
6 209 Jacksonville Jaguars WR Georgia Tech Jalen Camp
50%
3 68 Atlanta Falcons OT Michigan Jalen Mayfield
50%
5 164 Denver Broncos S Indiana Jamar Johnson
50%
4 110 Cleveland Browns OT Cincinnati James Hudson
50%
5 146 New York Jets S Auburn Jamien Sherwood
50%
4 134 Minnesota Vikings DE Florida State Janarius Robinson
50%
5 155 San Francisco 49ers G Western Michigan Jaylon Moore
50%
4 106 Jacksonville Jaguars DT USC Jay Tufele
50%
2 52 Cleveland Browns LB Notre Dame Jeremiah Owusu-Koramoah
50%
7 257 Detroit Lions RB Oregon State Jermar Jefferson
50%
7 230 Las Vegas Raiders C Pittsburgh Jimmy Morrissey
50%
1 32 Tampa Bay Buccaneers LB Washington Joe Tryon-Shoyinka
50%
4 124 Washington Football Team TE Boise State John Bates
50%
6 207 New York Jets DT Arkansas Jonathan Marshall
50%
7 239 Denver Broncos DE Ohio State Jonathon Cooper
50%
2 62 Green Bay Packers C Ohio State Josh Myers
50%
6 188 New England Patriots S Missouri Joshuah Bledsoe
50%
7 237 Denver Broncos CB LSU Kary Vincent
50%
2 44 Dallas Cowboys CB Kentucky Kelvin Joseph
50%
3 87 Pittsburgh Steelers G Illinois Kendrick Green
50%
4 119 Minnesota Vikings RB Iowa State Kene Nwangwu
50%
5 150 Philadelphia Eagles RB Memphis Kenneth Gainwell
50%
7 250 Chicago Bears DT BYU Khyiris Tonga
50%
5 176 Tampa Bay Buccaneers LB Auburn K.J. Britt
50%
4 127 Indianapolis Colts TE SMU Kylen Granson
50%
7 256 Green Bay Packers RB Mississippi State Kylin Hill
50%
2 37 Philadelphia Eagles C Alabama Landon Dickerson
50%
6 206 New Orleans Saints OT Kentucky Landon Young
50%
5 151 Chicago Bears OT Missouri Larry Borom
50%
5 145 Jacksonville Jaguars TE Ohio State Luke Farrell
50%
3 79 Las Vegas Raiders DE Buffalo Malcolm Koonce
50%
4 136 Arizona Cardinals CB Florida Marco Wilson
50%
7 238 Dallas Cowboys G Nebraska Matt Farniok
50%
3 73 Philadelphia Eagles DT Louisiana Tech Milton Williams
50%
3 92 Tennessee Titans LB Georgia Monty Rice
50%
3 99 Dallas Cowboys CB Oregon State Nahshon Wright
50%
6 185 Los Angeles Chargers LB Iowa Nick Niemann
50%
5 162 Kansas City Chiefs TE Duke Noah Gray
50%
1 31 Baltimore Ravens LB Penn State Odafe Oweh
50%
3 75 Dallas Cowboys DT UCLA Osa Odighizuwa
50%
7 234 Philadelphia Eagles DE Tulane Patrick Johnson
50%
3 90 Minnesota Vikings DE Pittsburgh Patrick Jones II
50%
7 254 Pittsburgh Steelers P Georgia Tech Pressley Harvin III
50%
6 216 Pittsburgh Steelers DE Miami (FL) Quincy Roche
50%
6 192 Dallas Cowboys DT Kentucky Quinton Bohanna
50%
6 205 Tennessee Titans WR LSU Racey McMath
50%
2 40 Atlanta Falcons S UCF Richie Grant
50%
3 95 Tampa Bay Buccaneers OT Notre Dame Robert Hainsey
50%
4 130 Los Angeles Rams CB Central Arkansas Robert Rochell
50%
4 142 Green Bay Packers G Ole Miss Royce Newman
50%
6 195 Houston Texans DT Arizona Roy Lopez
50%
6 219 Denver Broncos WR Auburn Seth Williams
50%
7 246 Washington Football Team DE Penn State Shaka Toney
50%
5 160 Baltimore Ravens CB Ohio State Shaun Wade
50%
5 165 Indianapolis Colts S Florida Shawn Davis
50%
6 204 Carolina Panthers WR South Carolina Shi Smith
50%
5 179 Dallas Cowboys WR Stanford Simi Fehoko
50%
3 93 Buffalo Bills OT Northern Iowa Spencer Brown
50%
6 208 Seattle Seahawks OT Florida Stone Forsythe
50%
5 180 San Francisco 49ers S USC Talanoa Hufanga
50%
5 148 Atlanta Falcons DE Texas Ta'Quon Graham
50%
6 223 Arizona Cardinals CB UCF Tay Gowan
50%
5 173 Green Bay Packers DT Florida Tedarrell Slaton
50%
6 228 Chicago Bears CB Oregon Thomas Graham
50%
5 153 Cleveland Browns LB West Virginia Tony Fields II
50%
4 137 Seattle Seahawks CB Oklahoma Tre Brown
50%
3 97 Los Angeles Chargers TE Georgia Tre' McKitty
50%
2 57 Los Angeles Rams WR Louisville Tutu Atwell
50%
4 131 Baltimore Ravens WR Oklahoma State Tylan Wallace
50%
4 122 Cincinnati Bengals DT LSU Tyler Shelvin
50%
4 143 Las Vegas Raiders S Missouri Tyree Gillespie
50%
2 33 Jacksonville Jaguars CB Georgia Tyson Campbell
50%
6 210 Arizona Cardinals DE Duke Victor Dimukeje
50%
2 45 Jacksonville Jaguars OT Stanford Walker Little
50%
7 248 Indianapolis Colts G Penn State Will Fries
50%
7 240 Washington Football Team DE Baylor William Bradley-King
50%
6 197 New England Patriots OT Colorado William Sherman
50%
3 86 Minnesota Vikings G Ohio State Wyatt Davis
50%
4 123 Philadelphia Eagles CB Texas Tech Zech McPhearson
50%
5 182 Atlanta Falcons DE Notre Dame Adetokunbo Ogundeji
25%
5 183 Atlanta Falcons CB Boise State Avery Williams
25%
7 251 Tampa Bay Buccaneers CB BYU Chris Wilcox
25%
6 214 Green Bay Packers OT Wisconsin Cole Van Lanen
25%
5 181 Kansas City Chiefs WR Clemson Cornell Powell
25%
5 171 Baltimore Ravens DE Notre Dame Daelin Hayes
25%
5 158 Carolina Panthers DT Iowa Daviyon Nixon
25%
6 193 Carolina Panthers G Alabama Deonte Brown
25%
5 174 Los Angeles Rams DE Northwestern Earnest Brown IV
25%
3 100 Tennessee Titans CB Washington Elijah Molden
25%
5 170 Houston Texans LB TCU Garret Wallow
25%
7 244 Miami Dolphins RB Cincinnati Gerrid Doaks
25%
6 186 New York Jets S Florida State Hamsah Nasirildeen
25%
7 236 Buffalo Bills G Texas Tech Jack Anderson
25%
7 243 Arizona Cardinals S Cincinnati James Wiggins
25%
5 175 New York Jets CB Pittsburgh Jason Pinnock
25%
6 199 Minnesota Vikings DT Pittsburgh Jaylen Twyman
25%
4 121 Jacksonville Jaguars LB UAB Jordan Smith
25%
4 138 Dallas Cowboys OT Marshall Josh Ball
25%
4 144 Kansas City Chiefs DE Florida State Joshua Kaindoh
25%
7 255 New Orleans Saints WR South Alabama Kawaan Baker
25%
5 166 Carolina Panthers CB Washington Keith Taylor
25%
7 231 Miami Dolphins OT UMass Larnel Coleman
25%
7 241 Los Angeles Chargers S Georgia Mark Webb
25%
6 189 Philadelphia Eagles DT USC Marlon Tuipulotu
25%
6 203 Buffalo Bills WR Houston Marquez Stevenson
25%
7 229 Indianapolis Colts WR Charleston Mike Strachan
25%
5 167 Las Vegas Raiders CB Illinois Nate Hobbs
25%
7 232 Carolina Panthers DT Kentucky Phil Hoskins
25%
6 213 Buffalo Bills CB Wisconsin Rachad Wildgoose
25%
5 169 Cleveland Browns S Georgia Richard LeCounte
25%
6 201 New York Giants CB Oklahoma State Rodarius Williams
25%
5 178 Green Bay Packers CB Appalachian State Shemar Jean-Charles
25%
6 191 Philadelphia Eagles DE Coastal Carolina Tarron Jackson
25%
6 222 Carolina Panthers LS Alabama Thomas Fletcher
25%
5 161 Buffalo Bills OT Miami (OH) Tommy Doyle
25%
4 132 Cleveland Browns DT Ohio State Tommy Togiai
25%
7 245 Pittsburgh Steelers CB Oklahoma Tre Norwood
25%
6 190 Cincinnati Bengals C Georgia Trey Hill
25%
7 235 Cincinnati Bengals DE Kansas State Wyatt Hubert
25%
5 168 Minnesota Vikings TE Central Missouri Zach Davidson
25%
7 252 Los Angeles Rams LB Concordia-St. Paul Chris Garrett
0%
7 253 Denver Broncos DE Mississippi State Marquiss Spencer
0%
7 247 Arizona Cardinals C Penn State Michal Menet
0%
No matching quizzes found
Score Distribution
Percent of People with Each Score
Percentile by Number Answered
Your Score History
You have not taken this quiz since the last reset